Business statistics : (Record no. 88957)

MARC details
000 -LEADER
fixed length control field 00621nam a22001937a 4500
005 - DATE AND TIME OF LATEST TRANSACTION
control field 20141010122744.0
010 ## - LCCN (DPL NO)
LC control number ENG-110939
020 ## - INTERNATIONAL STANDARD BOOK NUMBER
International Standard Book Number 9788120349858
Terms of availability 495.00
035 ## - SYSTEM CONTROL NUMBER
System control number EN-94471
037 ## - SOURCE OF ACQUISITION
Source of stock number/acquisition DBAD/PUB
082 ## - DEWEY DECIMAL CLASSIFICATION NUMBER
Classification number 519.5
100 ## - MAIN ENTRY--PERSONAL NAME
Personal name Jani, P.N.
245 ## - TITLE STATEMENT
Title Business statistics :
Statement of responsibility, etc by P.N. Jani
Remainder of title theory and applications /
260 ## - PUBLICATION, DISTRIBUTION, ETC. (IMPRINT)
Place of publication, distribution, etc New Delhi
Name of publisher, distributor, etc PHI Learning
Date of publication, distribution, etc 2014
270 ## - ADDRESS
Address Rimjhim House, 111, Patparganj Industrial Estate
City New Delhi
Postal code 110092
300 ## - PHYSICAL DESCRIPTION
Extent xiv,610p. :
Dimensions 24cm(pbk)
Other physical details ill.
500 ## - GENERAL NOTE
General note Includes bibliographical references and index
942 ## - ADDED ENTRY ELEMENTS (KOHA)
Source of classification or shelving scheme Dewey Decimal Classification
Item type English Books
Call number suffix JAN
Classification part 519.5
Holdings
Withdrawn status Lost status Not for loan Collection code Home library Current library Date acquired Source of acquisition Cost, normal purchase price Full call number Barcode Copy number Cost, replacement price Koha item type
    Not For Loan Non-fiction D.B.Act.Division D.B.Act.Division 24/09/2014 DBAD/PUB 495.00 519.5 JAN EN-94471 1 495.00 English Books

© Delhi Public Library
Hit Counter
free hit counter